[Event "Trois-Rivieres Mauricie op"]
[Site "Trois Rivieres"]
[Date "2010.03.20"]
[Round "2"]
[White "Dumont, Felix"]
[Black "Xiong, Jerry"]
[Result "1/2-1/2"]
[WhiteElo "1978"]
[BlackElo "2084"]
[PlyCount "91"]
[EventDate "2010.03.19"]
[EventType "swiss"]
[EventRounds "5"]
[EventCountry "CAN"]
[SourceTitle "EXT 2022"]
[Source "ChessBase"]
[SourceDate "2021.10.06"]
[SourceVersion "1"]
[SourceVersionDate "2021.10.06"]
[SourceQuality "1"]

1. e4 c5 2. Nf3 d6 3. c4 Nc6 4. d4 cxd4 5. Nxd4 g6 6. Nc3 Bg7 7. Be3 Nf6 8. Be2 0-0 9. 0-0 a6 10. Qd2 Be6 11. f3 Rc8 12. Nd5 Nd7 13. Rac1 Bxd5 14. cxd5 Nxd4 15. Bxd4 Bxd4+ 16. Qxd4 Qa5 17. a3 b5 18. Qe3 Qb6 19. Kf2 Qb7 20. h4 Rxc1 21. Rxc1 Rc8 22. h5 Rxc1 23. Qxc1 Qb6+ 24. Qe3 gxh5 25. a4 bxa4 26. Qxb6 Nxb6 27. Bxa6 Kg7 28. Ke3 Kg6 29. Kf4 e6 30. dxe6 fxe6 31. e5 d5 32. Bd3+ Kf7 33. Ke3 h4 34. Kd4 Nc8 35. Bxh7 Ne7 36. f4 Ng6 37. f5 Nf4 38. fxe6+ Ke7 39. Bf5 Nxg2 40. Bg4 Nf4 41. Bf5 h3 42. Bxh3 Nxh3 43. Kxd5 Nf2 44. Kc4 Nd1 45. Kb4 Nxb2 46. Ka3 1/2-1/2

[Event "CAN-ch U16"]
[Site "Victoria"]
[Date "2009.07.23"]
[Round "7"]
[White "Rakov, Pavel"]
[Black "Xiong, Jerry"]
[Result "1-0"]
[WhiteElo "2147"]
[BlackElo "2166"]
[PlyCount "135"]
[EventDate "2009.07.21"]
[EventType "swiss"]
[EventRounds "7"]
[EventCountry "CAN"]
[SourceTitle "EXT 2011"]
[Source "ChessBase"]
[SourceDate "2010.11.26"]
[SourceVersion "1"]
[SourceVersionDate "2010.11.26"]
[SourceQuality "1"]

1. d4 d5 2. c4 c6 3. Nf3 Nf6 4. e3 e6 5. Nbd2 Be7 6. b3 0-0 7. Bb2 a6 8. c5 Qc7 9. Ne5 Nfd7 10. Nd3 a5 11. Be2 b6 12. cxb6 Nxb6 13. 0-0 Ba6 14. Rc1 Bd6 15. Nf3 f6 16. Nc5 Bxc5 17. Rxc5 N6d7 18. Rc2 Re8 19. Qd2 Bxe2 20. Qxe2 Na6 21. a3 Qb7 22. Nd2 Rac8 23. Rfc1 e5 24. dxe5 fxe5 25. Qg4 c5 26. Bc3 a4 27. Qxa4 d4 28. Ba5 Rc6 29. Qc4+ Kh8 30. b4 Rg6 31. e4 Rf8 32. Qd5 Qxd5 33. exd5 Rd6 34. bxc5 Rxd5 35. c6 Rxa5 36. cxd7 Nb8 37. Nc4 Rc5 38. Nb6 Rxc2 39. Rxc2 d3 40. Rd2 e4 41. f3 exf3 42. Rxd3 Nc6 43. Rxf3 Kg8 44. Rxf8+ Kxf8 45. Kf2 Ke7 46. Ke3 Kd6 47. Ke4 Kc5 48. Nc8 Nd8 49. Ke5 Kc6 50. Nd6 Kxd7 51. Nf5 g6 52. Nd4 Ke7 53. a4 Nb7 54. Nc6+ Kd7 55. Kd5 Nd6 56. a5 Nb5 57. Ne5+ Ke7 58. Kc5 Nc7 59. Kc6 Kd8 60. Nf7+ Kc8 61. Nd6+ Kb8 62. Nb5 Ne6 63. a6 g5 64. a7+ Ka8 65. Nc7+ Nxc7 66. Kxc7 g4 67. Kd6 Kxa7 68. Ke5 1-0

[Event "CAN-ch U16"]
[Site "Victoria"]
[Date "2009.07.22"]
[Round "5"]
[White "Szalay, Karoly"]
[Black "Xiong, Jerry"]
[Result "1-0"]
[WhiteElo "2273"]
[BlackElo "2166"]
[PlyCount "51"]
[EventDate "2009.07.21"]
[EventType "swiss"]
[EventRounds "7"]
[EventCountry "CAN"]
[SourceTitle "EXT 2011"]
[Source "ChessBase"]
[SourceDate "2010.11.26"]
[SourceVersion "1"]
[SourceVersionDate "2010.11.26"]
[SourceQuality "1"]

1. e4 c5 2. Nf3 d6 3. d4 cxd4 4. Nxd4 Nf6 5. Nc3 g6 6. Be3 Bg7 7. f3 0-0 8. Qd2 Nc6 9. Bc4 Bd7 10. 0-0-0 Rb8 11. Bb3 b5 12. Nxc6 Bxc6 13. Bxa7 Rb7 14. Bd4 Qa8 15. Rhe1 Rc8 16. Nd5 Nxd5 17. exd5 Be8 18. Qb4 Rbc7 19. Bxg7 Kxg7 20. g4 f6 21. h4 Qa7 22. Qd4 Rc5 23. g5 Bf7 24. gxf6+ exf6 25. h5 Qd7 26. h6+ 1-0

[Event "Mauricie op"]
[Site "Trois Rivieres"]
[Date "2009.03.22"]
[Round "4"]
[White "Caire, Francois"]
[Black "Xiong, Jerry"]
[Result "1/2-1/2"]
[WhiteElo "2229"]
[BlackElo "2046"]
[PlyCount "140"]
[EventDate "2009.03.20"]
[EventType "swiss"]
[EventRounds "5"]
[EventCountry "CAN"]
[SourceTitle "EXT 2011"]
[Source "ChessBase"]
[SourceDate "2010.11.26"]
[SourceVersion "1"]
[SourceVersionDate "2010.11.26"]
[SourceQuality "1"]

1. d4 d5 2. Nf3 Nf6 3. e3 g6 4. c4 c6 5. Nc3 Bg7 6. Be2 0-0 7. 0-0 Qc7 8. cxd5 cxd5 9. Qb3 e6 10. Bd2 Bd7 11. Rac1 Qb6 12. Qxb6 axb6 13. Ne5 Nc6 14. Nxd7 Nxd7 15. Bb5 Rfc8 16. Na4 Bf6 17. Rc2 e5 18. dxe5 Bxe5 19. b3 Bd6 20. Bc1 Ra5 21. Be2 Raa8 22. Bb5 Ra5 23. Be2 Raa8 24. Rd1 Ne7 25. Rxc8+ Rxc8 26. Bb5 Ne5 27. f4 Ng4 28. Bd7 Rxc1 29. Rxc1 Nxe3 30. g3 d4 31. Bb5 N7d5 32. Rc8+ Kg7 33. Bc4 Nc3 34. Nxb6 Nxa2 35. Kf2 Nb4 36. Ke2 Ng4 37. h3 Nf6 38. Kf3 d3 39. Ke3 Nh5 40. Bxd3 Nxg3 41. Nc4 Be7 42. Kf3 Nxd3 43. Kxg3 b5 44. Ne3 b4 45. Nd5 Bf8 46. Rc4 h6 47. Kf3 g5 48. Ke3 Nxf4 49. Nxf4 gxf4+ 50. Kxf4 Kg6 51. Rc6+ f6 52. Rb6 h5 53. Rb5 Bh6+ 54. Ke4 Bd2 55. Rf5 Bc3 56. Rf1 Kg5 57. Rf4 Be1 58. Rf1 Bc3 59. Kf3 Bd4 60. Rd1 Bc3 61. Rd5+ Kg6 62. Ke4 Be1 63. Ra5 Bc3 64. Rb5 Be1 65. Kf3 Bd2 66. Rb7 Kg5 67. Rb5+ Kh4 68. Kg2 Bc3 69. Rf5 Be5 70. Kf3 Bc3 1/2-1/2

[Event "CAN-ch U14"]
[Site "Quebec"]
[Date "2008.07.16"]
[Round "6"]
[White "Xiong, Jerry"]
[Black "Calugar, Arthur"]
[Result "0-1"]
[WhiteElo "2205"]
[BlackElo "2150"]
[PlyCount "168"]
[EventDate "2008.07.14"]
[EventType "swiss"]
[EventRounds "7"]
[EventCountry "CAN"]
[SourceTitle "EXT 2011"]
[Source "ChessBase"]
[SourceDate "2010.11.26"]
[SourceVersion "1"]
[SourceVersionDate "2010.11.26"]
[SourceQuality "1"]

1. e4 c5 2. Nf3 Nc6 3. d4 cxd4 4. Nxd4 Nf6 5. Nc3 d6 6. Bg5 e6 7. Be2 Be7 8. 0-0 0-0 9. Bf3 Ne5 10. Qd2 h6 11. Bxf6 Bxf6 12. Be2 a6 13. Rad1 Qc7 14. f4 Nc4 15. Bxc4 Qxc4 16. Nde2 Rd8 17. Qd3 Qc5+ 18. Kh1 b5 19. a3 Bb7 20. f5 Qc4 21. fxe6 fxe6 22. Qg3 Kh7 23. Qg4 Rf8 24. Rf3 d5 25. b3 Qc5 26. Qxe6 Bxc3 27. Rxc3 Qf2 28. Ng3 Rf6 29. Qe5 Raf8 30. h3 dxe4 31. Nxe4 Rf5 32. Nxf2 Rxe5 33. Rd2 Rf7 34. Nd3 Re3 35. Kh2 Be4 36. a4 bxa4 37. bxa4 Rf5 38. Rc5 Bxd3 39. Rxd3 Rxh3+ 40. Kxh3 Rxc5 41. Rd4 h5 42. Rb4 g6 43. Kg3 Kh6 44. Rb6 Ra5 45. Rb4 Kg5 46. Kh3 Kf5 47. g4+ hxg4+ 48. Rxg4 Rc5 49. Rb4 g5 50. c4 Ke4 51. Rb6 Ra5 52. c5 Kd5 53. c6 Kd6 54. Kg3 Kc7 55. Rb4 Kxc6 56. Rg4 Rf5 57. Re4 Kb6 58. Kg4 Rd5 59. Rb4+ Kc5 60. Rb8 Re5 61. Rb1 Kc4 62. Rb8 Kc3 63. Rb7 Ra5 64. Rb8 Kc4 65. Rb7 Rd5 66. Rb8 Kc5 67. Rb1 Kc6 68. Rb2 Ra5 69. Rb1 Rxa4+ 70. Kxg5 Re4 71. Kf5 Re2 72. Rb4 Kc5 73. Rb8 a5 74. Rc8+ Kb4 75. Rb8+ Ka3 76. Kf4 a4 77. Kf3 Re7 78. Rb6 Ka2 79. Rb8 a3 80. Rb6 Ka1 81. Rb8 a2 82. Rb6 Re1 83. Rb8 Rb1 84. Ra8 Rb3+ 0-1

[Event "CAN-ch U14"]
[Site "Ottawa"]
[Date "2007.07.04"]
[Round "4"]
[White "Huang, Richard"]
[Black "Xiong, Jerry"]
[Result "1/2-1/2"]
[WhiteElo "1984"]
[BlackElo "2151"]
[PlyCount "38"]
[EventDate "2007.07.03"]
[EventType "swiss"]
[EventRounds "7"]
[EventCountry "CAN"]
[SourceTitle "EXT 2022"]
[Source "ChessBase"]
[SourceDate "2021.10.06"]
[SourceVersion "1"]
[SourceVersionDate "2021.10.06"]
[SourceQuality "1"]

1. Nf3 c5 2. c4 e6 3. g3 d5 4. Bg2 Nc6 5. 0-0 Nf6 6. d3 Be7 7. Nbd2 0-0 8. a3 b6 9. e3 Bb7 10. Qc2 Rc8 11. b3 Qc7 12. Bb2 Rfd8 13. Rfd1 d4 14. e4 e5 15. Bh3 Rb8 16. Nf1 Bc8 17. Bg2 Bg4 18. h3 Bd7 19. Bc1 Qc8 1/2-1/2

[Event "CAN-ch U14"]
[Site "Ottawa"]
[Date "2007.07.03"]
[Round "2"]
[White "MacKinnon, Keith"]
[Black "Xiong, Jerry"]
[Result "1/2-1/2"]
[WhiteElo "1994"]
[BlackElo "2151"]
[PlyCount "110"]
[EventDate "2007.07.03"]
[EventType "swiss"]
[EventRounds "7"]
[EventCountry "CAN"]
[SourceTitle "EXT 2022"]
[Source "ChessBase"]
[SourceDate "2021.10.06"]
[SourceVersion "1"]
[SourceVersionDate "2021.10.06"]
[SourceQuality "1"]

1. e4 c5 2. Nf3 d6 3. d4 cxd4 4. Nxd4 Nf6 5. Nc3 g6 6. Be3 Bg7 7. f3 0-0 8. Qd2 Nc6 9. Bc4 Bd7 10. 0-0-0 Rb8 11. Nxc6 bxc6 12. Bxa7 Rb7 13. Be3 Be6 14. Qe2 Qa5 15. Bb3 Rfb8 16. Nb1 c5 17. Bd2 Qb6 18. Bc3 Bxb3 19. axb3 Ra8 20. Kd2 e5 21. Ke1 Re7 22. Kf1 Qc6 23. g3 Rd8 24. Kg2 d5 25. Rhe1 d4 26. Bd2 Ne8 27. Na3 Red7 28. Ba5 Ra8 29. Nc4 Nd6 30. Bd2 Nb5 31. Ra1 Rb8 32. Qd3 Qe6 33. Ra4 f5 34. f4 exf4 35. Bxf4 Re8 36. Nd2 Nc7 37. Qc4 Qxc4 38. bxc4 Ne6 39. Kf2 d3 40. c3 Nxf4 41. gxf4 fxe4 42. Ke3 Bd4+ 43. cxd4 cxd4+ 44. Kf2 e3+ 45. Kf3 exd2 46. Rxe8+ Kf7 47. Ra1 Kxe8 48. Rd1 Re7 49. Rxd2 Re3+ 50. Kf2 Kd7 51. b4 Kc6 52. Ra2 Kb6 53. Rd2 h6 54. Ra2 Re7 55. Rd2 Rc7 1/2-1/2

[Event "CAN-ch U20 qual"]
[Site "Kitchener"]
[Date "2006.07.08"]
[Round "2"]
[White "Xiong, Jerry"]
[Black "Cheng, Bindi"]
[Result "1/2-1/2"]
[WhiteElo "1896"]
[BlackElo "2197"]
[PlyCount "47"]
[EventDate "2006.07.03"]
[EventType "swiss"]
[EventRounds "4"]
[EventCountry "CAN"]
[SourceTitle "CBM 113 Extra"]
[Source "ChessBase"]
[SourceDate "2006.09.14"]
[SourceVersion "1"]
[SourceVersionDate "2006.09.14"]
[SourceQuality "1"]

1. e4 c5 2. Nf3 Nc6 3. d4 cxd4 4. Nxd4 g6 5. Nc3 Bg7 6. Be3 Nf6 7. Bc4 0-0 8. f3 Qa5 9. Qd2 e6 10. Nb3 Qh5 11. h4 d5 12. g4 Nxg4 13. fxg4 Qxg4 14. Be2 Qg3+ 15. Bf2 Qg2 16. Rg1 Qh2 17. Rf1 dxe4 18. 0-0-0 f5 19. Qe3 Qe5 20. Bg3 Qf6 21. Bf4 Qxh4 22. Bg5 Qh2 23. Bf4 Qh4 24. Bg5 1/2-1/2

[Event "Quebec-ch qual U2000a"]
[Site "Montreal"]
[Date "2005.07.16"]
[Round "2"]
[White "Xiong, Jerry"]
[Black "Dimev, Kiril"]
[Result "0-1"]
[WhiteElo "1889"]
[BlackElo "1834"]
[PlyCount "84"]
[EventDate "2005.07.15"]
[EventType "swiss"]
[EventRounds "9"]
[EventCountry "CAN"]
[SourceTitle "EXT 2009"]
[Source "ChessBase"]
[SourceDate "2008.11.26"]
[SourceVersion "1"]
[SourceVersionDate "2008.11.26"]
[SourceQuality "1"]

1. e4 e5 2. f4 exf4 3. Nf3 Nf6 4. Nc3 d5 5. e5 Ne4 6. d4 Bb4 7. Bd2 Bg4 8. Nxe4 dxe4 9. Bxb4 exf3 10. gxf3 Qh4+ 11. Ke2 Bf5 12. Be1 Qh6 13. Qd2 Nc6 14. Bf2 0-0-0 15. Qc3 f6 16. Rd1 Rhe8 17. Rd2 fxe5 18. dxe5 Rxe5+ 19. Kd1 Rxd2+ 20. Kxd2 Qd6+ 21. Kc1 Nb4 22. Bc4 Re2 23. Bc5 Qg6 24. Qxb4 Rxc2+ 25. Kd1 Qg2 26. Rf1 Rxb2 27. Rf2 Qxf2 28. Bxf2 Rxb4 29. Bb3 g5 30. Kd2 Rb5 31. Bd4 Rb6 32. Bxb6 axb6 33. Bd1 Kd7 34. Kc3 Kd6 35. Kd4 c5+ 36. Kc4 Bd7 37. a4 Ke5 38. Kb3 h6 39. Kc3 b5 40. a5 Be6 41. Be2 b4+ 42. Kb2 Kd4 0-1

[Event "CAN-ch U10"]
[Site "Kapuskasing"]
[Date "2004.07.08"]
[Round "5"]
[White "Xiong, Jerry"]
[Black "Gladstone, Simon"]
[Result "1-0"]
[WhiteElo "1504"]
[BlackElo "1193"]
[PlyCount "167"]
[EventDate "2004.07.06"]
[EventType "swiss"]
[EventRounds "7"]
[EventCountry "CAN"]
[SourceTitle "EXT 2006"]
[Source "ChessBase"]
[SourceDate "2005.11.24"]
[SourceVersion "1"]
[SourceVersionDate "2005.11.24"]
[SourceQuality "1"]

1. e4 e6 2. d4 d5 3. exd5 exd5 4. c4 Nf6 5. Nc3 Nc6 6. Nf3 Be7 7. Be3 Be6 8. c5 0-0 9. Be2 Qd7 10. 0-0 a6 11. a3 Nd8 12. Ne5 Qc8 13. Bf4 Bf5 14. Bf3 c6 15. Re1 Ne6 16. Bg3 Re8 17. Na4 Bd8 18. Bh4 Kf8 19. Bxf6 gxf6 20. Ng4 Bxg4 21. Bxg4 Bc7 22. Bf5 h6 23. Qh5 Ng7 24. Bxc8 Nxh5 25. Rxe8+ Kxe8 26. Bxb7 Rd8 27. Bxc6+ Ke7 28. Re1+ Kf8 29. Nc3 Nf4 30. g3 Nd3 31. Re2 Nc1 32. Rd2 Nb3 33. Rd1 Na5 34. Bxd5 Rb8 35. b4 Nb7 36. Bxb7 Rxb7 37. Nd5 Bd8 38. Kg2 Kg7 39. Nf4 a5 40. c6 Rc7 41. b5 a4 42. d5 Rc8 43. Rd4 Ra8 44. Kf3 Be7 45. d6 Bf8 46. Kg4 Rd8 47. d7 Bxa3 48. c7 Bc5 49. Rd1 Bb6 50. c8R a3 51. Rxd8 Bxd8 52. b6 Bxb6 53. d8R Bxd8 54. Rxd8 a2 55. Nh5+ Kh7 56. Ra8 a1Q 57. Rxa1 Kg6 58. Nxf6 Kxf6 59. Kh5 Kg7 60. Ra7 Kg8 61. Rxf7 Kxf7 62. Kxh6 Kf6 63. Kh5 Kf7 64. f4 Kf6 65. g4 Kf7 66. h4 Kf6 67. Kh6 Kf7 68. h5 Kf6 69. f5 Kf7 70. g5 Kf8 71. Kh7 Kf7 72. h6 Kf8 73. g6 Ke8 74. g7 Ke7 75. g8N+ Kf8 76. Nf6 Kf7 77. Nh5 Kf8 78. Kg6 Kg8 79. f6 Kh8 80. Ng3 Kg8 81. Ne4 Kh8 82. Ng5 Kg8 83. h7+ Kh8 84. Nf7# 1-0

[Event "CAN-ch U10"]
[Site "Kapuskasing"]
[Date "2004.07.07"]
[Round "3"]
[White "Xiong, Jerry"]
[Black "Calugar, Arthur"]
[Result "0-1"]
[WhiteElo "1504"]
[BlackElo "1729"]
[PlyCount "48"]
[EventDate "2004.07.06"]
[EventType "swiss"]
[EventRounds "7"]
[EventCountry "CAN"]
[SourceTitle "EXT 2006"]
[Source "ChessBase"]
[SourceDate "2005.11.24"]
[SourceVersion "1"]
[SourceVersionDate "2005.11.24"]
[SourceQuality "1"]

1. e4 c5 2. Nf3 Nc6 3. d4 cxd4 4. Nxd4 Nf6 5. Nc3 e5 6. Ndb5 d6 7. f3 a6 8. Na3 Be6 9. Be3 Be7 10. Qd2 d5 11. exd5 Nxd5 12. Nc4 Bb4 13. Bd3 b5 14. Na3 Nxc3 15. 0-0 Nd5 16. c3 Nxc3 17. Nc2 Nd5 18. Qe2 Nxe3 19. Qxe3 Ba5 20. Kh1 Bb6 21. Qe2 Rc8 22. Rad1 Qc7 23. Rc1 Nd4 24. Qd1 Qd7 0-1

[Event "CAN-ch U10"]
[Site "Kapuskasing"]
[Date "2003.07.09"]
[Round "6"]
[White "Xiong, Jerry"]
[Black "Mai, Thu Truc Lam Lloyd"]
[Result "0-1"]
[WhiteElo "1241"]
[BlackElo "1595"]
[PlyCount "96"]
[EventDate "2003.07.09"]
[EventType "swiss"]
[EventRounds "7"]
[EventCountry "CAN"]
[SourceTitle "EXT 2004"]
[Source "ChessBase"]
[SourceDate "2003.11.25"]
[SourceVersion "1"]
[SourceVersionDate "2003.11.25"]
[SourceQuality "1"]

1. e4 e5 2. f4 d6 3. Nf3 Nd7 4. Bc4 Be7 5. Nc3 Ngf6 6. d3 c6 7. 0-0 Qc7 8. Be3 Ng4 9. Bf2 Nb6 10. Bb3 a5 11. a4 0-0 12. f5 Kh8 13. Qe2 g6 14. Nh4 Nxf2 15. Qxf2 Nd7 16. Qg3 Kg7 17. Rae1 Nf6 18. Ne2 Qd8 19. Nf3 Bd7 20. Kh1 Kh8 21. fxg6 fxg6 22. Neg1 Nh5 23. Qf2 Rf6 24. c3 Nf4 25. Qd2 Qc7 26. Ne2 Raf8 27. Ng3 Be6 28. Bxe6 Nxe6 29. Qe3 Nf4 30. d4 b5 31. axb5 cxb5 32. d5 Rc8 33. Nd2 Qb7 34. Nb3 a4 35. Na5 Qa6 36. Nc6 Bd8 37. Ne2 Bb6 38. Qd2 Rcf8 39. g3 Nh3 40. Rxf6 Rxf6 41. Kg2 Nf2 42. Ng1 Ng4 43. Nh3 Qc8 44. Qg5 h6 45. Qd2 Qf8 46. Qd3 Rf2+ 47. Nxf2 Qxf2+ 48. Kh3 Qxh2+ 0-1